000 00460nam a2200181 a 4500
001 2797
003 CO-ViMGA
008 141112s2004 ck r 000 u spa d
040 _aCO-ViMGA
_bspa
_cCO-ViMGA
082 0 4 _a334 C177c
100 1 _aCastaƱo Colomer, J
245 1 0 _aLa cooperativa de consumo
260 _aBarcelona :
_bCeac,
_c1987
300 _a166 p
490 _aBiblioteca Ceac de cooperativismo
650 1 4 _aCOOPERATIVISMO
942 _2ddc
_cBK
999 _c14868
_d14868